00373nam a2200145Ia 4500003000900000008004100009040001300050040001300063041000800076100001900084245007400103300001000177490003400187490000600221IT-RoPAU120407s9999 xx 000 0 und d aIT-RoPAU cIT-RoPAU aita aBenhard Haring aPadre Haring Bernhard risponde. Cinquanta problemi religiosi e morali c18 cm aI libri d. Famiglia Crist., 2 v1